Эмульгаторы на основе высших карбоновых кислот и многоатомных спиртов; Химия и химическая технология в XXI веке

Detalles Bibliográficos
Parent link:Химия и химическая технология в XXI веке.— 2019.— [С. 619-620]
Autor principal: Файзуллина А. М.
Autor Corporativo: Национальный исследовательский Томский политехнический университет Инженерная школа природных ресурсов Отделение химической инженерии
Otros Autores: Сладков Д. Ю. Денис Юрьевич (научный руководитель), Волгина Т. Н. Татьяна Николаевна
Sumario:Заглавие с экрана
Lenguaje:ruso
Publicado: 2019
Colección:Химия и химическая технология (для школьников)
Materias:
Acceso en línea:http://earchive.tpu.ru/handle/11683/55567
Formato: Electrónico Capítulo de libro
KOHA link:https://koha.lib.tpu.ru/cgi-bin/koha/opac-detail.pl?biblionumber=629601

MARC

LEADER 00000naa2a2200000 4500
001 629601
005 20241014090036.0
035 |a (RuTPU)RU\TPU\conf\30276 
035 |a RU\TPU\conf\30270 
090 |a 629601 
100 |a 20190722d2019 k y0rusy50 ca 
101 0 |a rus 
102 |a RU 
105 |a y z 101zy 
135 |a drgn ---uucaa 
181 0 |a i  
182 0 |a b 
200 1 |a Эмульгаторы на основе высших карбоновых кислот и многоатомных спиртов  |f А. М. Файзуллина, Д. Ю. Сладков  |g науч. рук. Т. Н. Волгина 
203 |a Текст  |c электронный 
225 1 |a Химия и химическая технология (для школьников) 
300 |a Заглавие с экрана 
320 |a [Библиогр.: с. 620 (2 назв.)] 
463 0 |0 (RuTPU)RU\TPU\conf\29907  |t Химия и химическая технология в XXI веке  |o материалы XX Международной научно-практической конференции имени профессора Л. П. Кулёва студентов и молодых ученых, 20–23 мая 2019 г., г. Томск  |f Национальный исследовательский Томский политехнический университет  |v [С. 619-620]  |d 2019 
610 1 |a электронный ресурс 
610 1 |a труды учёных ТПУ 
610 1 |a эмульгаторы 
610 1 |a карбоновые кислоты 
610 1 |a многоатомные спирты 
610 1 |a органические соединения 
610 1 |a обратные эмульсии 
700 1 |a Файзуллина  |b А. М. 
701 1 |a Сладков  |b Д. Ю.  |c химик-технолог  |c инженер Томского политехнического университета  |f 1999-  |g Денис Юрьевич  |y Томск  |9 23087 
702 1 |a Волгина  |b Т. Н.  |c химик  |c доцент Томского политехнического университета, кандидат химических наук  |f 1975-  |g Татьяна Николаевна  |4 727 
712 0 2 |a Национальный исследовательский Томский политехнический университет  |b Инженерная школа природных ресурсов  |b Отделение химической инженерии  |3 (RuTPU)RU\TPU\col\23513 
801 2 |a RU  |b 63413507  |c 20190807  |g RCR 
856 4 |u http://earchive.tpu.ru/handle/11683/55567 
942 |c BK